Quản lý và kinh doanh
Đã lưu trong:
| 主要作者: | |
|---|---|
| 格式: | 圖書 |
| 語言: | Undetermined |
| 出版: |
Thành phố Hồ Chí Minh
Nhà xuất bản Thành phố Hồ Chí Minh
2000
|
| 主題: | |
| 標簽: |
添加標簽
沒有標簽, 成為第一個標記此記錄!
|
| Thư viện lưu trữ: | Trung tâm Học liệu Trường Đại học Cần Thơ |
|---|
| LEADER | 00632nam a2200181Ia 4500 | ||
|---|---|---|---|
| 001 | CTU_64465 | ||
| 008 | 210402s9999 xx 000 0 und d | ||
| 082 | |a 658 | ||
| 082 | |b K82/T.1 | ||
| 100 | |a Konosuke, Matsushita | ||
| 245 | 0 | |a Quản lý và kinh doanh | |
| 245 | 0 | |c Matsushita Konosuke; Trần Quang Tuệ dịch | |
| 260 | |a Thành phố Hồ Chí Minh | ||
| 260 | |b Nhà xuất bản Thành phố Hồ Chí Minh | ||
| 260 | |c 2000 | ||
| 650 | |a Business intelligence,Organizational behavior,Personal management | ||
| 904 | |i Nguyênsửa | ||
| 980 | |a Trung tâm Học liệu Trường Đại học Cần Thơ | ||